Monetary Policy Implementation : Results from a Survey /

Since the early 1990s, the IMF has been advising countries to shift to the use of indirect instruments for executing monetary policy. This paper provides information about a monetary policy instruments database, maintained by the Monetary and Capital Markets Department of the IMF. We offer an overvi...

Повний опис

Бібліографічні деталі
Автор: Buzeneca, Inese
Інші автори: Maino, Rodolfo
Формат: Журнал
Мова:English
Опубліковано: Washington, D.C. : International Monetary Fund, 2007.
Серія:IMF Working Papers; Working Paper ; No. 2007/007
Онлайн доступ:Full text available on IMF
LEADER 01927cas a2200253 a 4500
001 AALejournalIMF004672
008 230101c9999 xx r poo 0 0eng d
020 |c 5.00 USD 
020 |z 9781451865714 
022 |a 1018-5941 
040 |a BD-DhAAL  |c BD-DhAAL 
100 1 |a Buzeneca, Inese. 
245 1 0 |a Monetary Policy Implementation :   |b Results from a Survey /  |c Inese Buzeneca, Rodolfo Maino. 
264 1 |a Washington, D.C. :  |b International Monetary Fund,  |c 2007. 
300 |a 1 online resource (41 pages) 
490 1 |a IMF Working Papers 
500 |a <strong>Off-Campus Access:</strong> No User ID or Password Required 
500 |a <strong>On-Campus Access:</strong> No User ID or Password Required 
506 |a Electronic access restricted to authorized BRAC University faculty, staff and students 
520 3 |a Since the early 1990s, the IMF has been advising countries to shift to the use of indirect instruments for executing monetary policy. This paper provides information about a monetary policy instruments database, maintained by the Monetary and Capital Markets Department of the IMF. We offer an overview of the information contained in the database in the form of comparative summary tables and graphs to illustrate the use of monetary policy instruments by groups of countries (developing, emerging market and developed countries). The main trend that can be identified from the database information is the increasing reliance on money market operations for monetary policy implementation. We emphasize the relevance and usefulness of the data collected through periodic surveys of central banks, for general descriptive and analytical purposes. 
538 |a Mode of access: Internet 
700 1 |a Maino, Rodolfo. 
830 0 |a IMF Working Papers; Working Paper ;  |v No. 2007/007 
856 4 0 |z Full text available on IMF  |u http://elibrary.imf.org/view/journals/001/2007/007/001.2007.issue-007-en.xml  |z IMF e-Library